サンフランシスコ平和条約を批准した国 - Statistics

General Stats
  • This quiz has been taken 69 times
  • The average score is 29 of 46
Answer Stats
Answer % Correct
フランス
100%
イギリス
100%
アメリカ合衆国
100%
カナダ
90%
ブラジル
88%
オーストラリア
86%
メキシコ
86%
アルゼンチン
84%
オランダ
84%
ニュージーランド
80%
ベルギー
78%
イラン帝国
78%
チリ
76%
エジプト王国
76%
ノルウェー
76%
トルコ
76%
イラク王国
74%
フィリピン
70%
サウジアラビア
70%
南アフリカ連邦
70%
日本
70%
ギリシャ王国
64%
パラグアイ
62%
ウルグアイ
62%
キューバ
60%
エチオピア帝国
60%
パナマ
60%
ベネズエラ
58%
ボリビア
56%
ペルー
56%
ベトナム国
54%
エクアドル
52%
シリア
48%
カンボジア
46%
コスタリカ
46%
ホンジュラス
46%
ニカラグア
46%
エルサルバドル
42%
ドミニカ共和国
40%
リベリア
40%
パキスタン
40%
グアテマラ
38%
ラオス
38%
ハイチ
32%
セイロン
28%
レバノン
26%
No matching quizzes found
Score Distribution
Percent of People with Each Score
Percentile by Number Answered
Your Score History
You have not taken this quiz